00822cam a2200241 a 450000100100000000500170001000800410002702000150006804000250008308200240010810000270013224500630015925000110022226000370023330000210027049000210029165000280031265000420034083000280038291000280041095201270043899900150056500000793720200929154346.0890408s1988 sp b 000 f spa  a8432204382 aDO-SdBNPcDLCdBNPHU a863.64bG724r, 19881 aGoytisolo, Juan.9354410aReivindicación del conde don Julián /cJuan Goytisolo. a4a ed. aBarcelona :bSeix Barral,c1988. a242 p. ;c20 cm.1 aBiblioteca Breve 4aNovela española91123 4aLiteratura españolaySIGLO XX93326 0aBiblioteca Breve913442 aCatalogación derivada 001052708MOaGRbGRcCTd2009-09-11iLF1l0o863.64 G724r, 1988p7937-10r2020-06-25w2020-06-25y2ZPréstamo interno c7715d7715